000
00288 a2200121 4500
001
13229
082
_a
621.38412 ODY
090
_c
10223
_d
10223
100
_a
Odyniec, M
245
_a
RF and Microwave Oscillator Design
260
_a
london
_b
Artech House
_c
2002
300
_a
xv, 398
942
_a
NUST-CAE
_k
621.38412 ODY
999
_c
248302
_d
248302